|
|
|
|
| LEADER |
00000nab a2200000 a 4500 |
| 001 |
vtls000354678 |
| 003 |
SK-MaSNL |
| 005 |
20260426032218.0 |
| 008 |
160215c1989 xo 0 slo |
| 015 |
|
|
|a SNBRB19rr/mm-uuuuu
|
| 035 |
|
|
|a CL0354800
|
| 040 |
|
|
|a SNKBUCL
|b slo
|c SNKBUCL
|e AACR2
|
| 041 |
0 |
|
|a slo
|
| 044 |
|
|
|a xo
|c SK
|
| 080 |
|
|
|a 78.071.2:784.66
|2 1981
|
| 080 |
|
|
|a 784.66
|2 1981
|
| 080 |
|
|
|a 929 Molnárová, Marcela
|2 1981
|
| 100 |
1 |
|
|a Molnárová, Marcela,
|d 1965-
|4 aut
|9 1636176
|
| 245 |
1 |
0 |
|a Speváčka s malým "s"..
|b (Skoro ako krížový výsluch.)
|c Marcela Molnárová, Viktor Kubal
|
| 300 |
|
|
|b Obr. 1.
|
| 600 |
1 |
7 |
|a Molnárová, Marcela,
|d 1965-
|2 snkbucl
|9 1636176
|
| 655 |
|
7 |
|a články z novín a časopisov
|2 snkbucl
|9 267496
|
| 700 |
1 |
|
|a Kubal, Viktor,
|d 1923-1997
|4 aut
|9 111639
|
| 773 |
0 |
|
|t Mladé rozlety
|g Roč. 3, č. 18 (1989), s. 32
|
| 850 |
|
|
|a Slovenská národná knižnica v Martine
|a MTA001
|
| 852 |
|
|
|a SNK
|b KIS3GCP
|
| 958 |
|
|
|a BX
|
| 992 |
|
|
|a RBX
|
| 999 |
|
|
|c 1534310
|d 1536240
|